000 00805nam a2200217 a 4500
003 0
005 20250402092532.0
008 050809s19uu xx 00 eng d
050 _aPGS LB 3013.3
_b.Ab117 2005
100 _aAbanico, Shiela Marie J.
245 _aThe effects of watching violent movies on the classroom behavior of Lower School students /
_cShiela Marie J. Abanico.
260 _aLas PiƱas City, Philippines :
_bSouthville International School and Colleges,
_c2005.
300 _a29 pages :
_billustrations ;
_c28 cm.
504 _aIncludes bibliographical references.
650 _aViolence in motion pictures.
650 _aChildren and violence.
650 _aSchool discipline.
650 _aMedia and children.
650 _aMovies
_vPsychological aspects.
942 _2lcc
_cPASS
999 _c97327
_d97327